000
00313nam a2200133Ia 4500
005
20260328101458.0
008
260328s9999||||xx |||||||||||||| ||und||
100
_a
Daab
245
0
_a
Contemporary Prefab Houses /
_c
Daab
260
_b
Fusion
300
_a
378 p.
650
_a
ARQUITECTURA RESIDENCIAL
942
_c
BK
999
_c
8879
_d
8879